000 00542nam a22001697a 4500
999 _c14973
_d14973
008 200204b ||||| |||| 00| 0 eng d
020 _a978-621-406-148-8
082 _22018
_aDFil 302
_bAn41
100 _aGutierrez-Ang, Jaime
_916928
245 _aMontage:
_bIntroduction to communication media/
_cJaime Gutierrez-Ang
260 _aManila:
_bMindshapers Co., Inc.,
_c©2018
300 _aviii, 184 pages:
_billustrations;
_c26 cm.
500 _aIncludes references.
650 _aMass media.
_941567
365 _b595.00
942 _2ddc
_cDFIL